[Event "Bournemouth op"]
[Site "Bournemouth"]
[Date "2012.04.22"]
[Round "5"]
[White "Hedjazian, Navid"]
[Black "Bautista, Marc C"]
[Result "1-0"]
[WhiteElo "2023"]
[BlackElo "2110"]
[PlyCount "75"]
[EventDate "2012.04.20"]
[EventType "swiss"]
[EventRounds "5"]
[EventCountry "ENG"]
[SourceTitle "CBM 148 Extra"]
[Source "ChessBase"]
[SourceDate "2012.06.22"]
[SourceVersion "1"]
[SourceVersionDate "2012.06.22"]
[SourceQuality "1"]

1. e4 e6 2. d4 d5 3. Nd2 Nf6 4. e5 Nfd7 5. Bd3 c5 6. c3 Nc6 7. Ne2 f5 8. Nf3 Be7 9. Nf4 Nf8 10. h4 Bd7 11. g3 Qb6 12. Be2 cxd4 13. cxd4 Rc8 14. 0-0 Ng6 15. Nxg6 hxg6 16. a3 Na5 17. b4 Nc4 18. Bg5 Bc6 19. Bxe7 Kxe7 20. Qb1 Rh6 21. a4 Rch8 22. b5 Bd7 23. Qb4+ Kf7 24. Bxc4 dxc4 25. Qxc4 Rc8 26. Qd3 Qd8 27. Rfd1 b6 28. d5 Qe7 29. d6 Qd8 30. Ng5+ Kg8 31. Rac1 Rb8 32. Rc7 Qe8 33. Qc4 a6 34. bxa6 b5 35. axb5 Bxb5 36. Qxe6+ Qxe6 37. Nxe6 Rh7 38. d7 1-0

[Event "Bournemouth op"]
[Site "Bournemouth"]
[Date "2012.04.20"]
[Round "1"]
[White "Hedjazian, Navid"]
[Black "Corkett, Anthony R"]
[Result "0-1"]
[WhiteElo "2023"]
[BlackElo "2306"]
[PlyCount "132"]
[EventDate "2012.04.20"]
[EventType "swiss"]
[EventRounds "5"]
[EventCountry "ENG"]
[SourceTitle "CBM 148 Extra"]
[Source "ChessBase"]
[SourceDate "2012.06.22"]
[SourceVersion "1"]
[SourceVersionDate "2012.06.22"]
[SourceQuality "1"]

1. e4 c5 2. c3 d5 3. exd5 Qxd5 4. d4 Nf6 5. Nf3 Bg4 6. Be2 e6 7. 0-0 Nc6 8. Na3 cxd4 9. Nb5 Rc8 10. Nbxd4 Nxd4 11. Nxd4 Bxe2 12. Qxe2 a6 13. Rd1 Be7 14. Be3 0-0 15. a4 Qe4 16. Qf3 Rfd8 17. Qxe4 Nxe4 18. Nb3 b5 19. axb5 Rxd1+ 20. Rxd1 axb5 21. Rd7 Kf8 22. f3 Nxc3 23. bxc3 Rxc3 24. Rb7 Rxe3 25. Rb8+ Bd8 26. Nd4 Ke8 27. Nc6 Rd3 28. Nxd8 Rxd8 29. Rxb5 Ke7 30. Kf2 f5 31. f4 Rd2+ 32. Kf3 Ra2 33. Rb8 h6 34. h4 Ra3+ 35. Kf2 Ra4 36. g3 g5 37. hxg5 hxg5 38. Kf3 g4+ 39. Kf2 Rd4 40. Rg8 Rd3 41. Ra8 Rd2+ 42. Kg1 Rb2 43. Kf1 Rb5 44. Kf2 Kd6 45. Rd8+ Kc5 46. Kg2 Rb2+ 47. Kg1 Rb6 48. Kg2 Rd6 49. Ra8 Kd4 50. Ra1 Rc6 51. Re1 Rc2+ 52. Kg1 Rc3 53. Kf2 Rf3+ 54. Kg2 Re3 55. Rd1+ Ke4 56. Kf2 Rf3+ 57. Kg2 Rd3 58. Ra1 Rd2+ 59. Kf1 Ke3 60. Ra6 Rf2+ 61. Kg1 Re2 62. Ra3+ Ke4 63. Ra6 Kf3 64. Kf1 Re3 65. Ra4 Kxg3 66. Rb4 Rf3+ 0-1

[Event "Montigny le Bretonneux Noel op 09th"]
[Site "Montigny le Bretonneux"]
[Date "2006.12.27"]
[Round "6"]
[White "Boyer, Jean Francois"]
[Black "Hedjazian, Navid"]
[Result "1/2-1/2"]
[WhiteElo "1781"]
[BlackElo "2021"]
[PlyCount "144"]
[EventDate "2006.12.27"]
[EventType "swiss"]
[EventRounds "7"]
[EventCountry "FRA"]
[SourceTitle "CBM 116 Extra"]
[Source "ChessBase"]
[SourceDate "2007.03.07"]
[SourceVersion "1"]
[SourceVersionDate "2007.03.07"]
[SourceQuality "1"]

1. e4 d6 2. d4 Nf6 3. Nc3 g6 4. Nf3 Bg7 5. Bc4 0-0 6. Bb3 Bg4 7. h3 Bxf3 8. Qxf3 Nc6 9. Be3 e5 10. d5 Nd4 11. Qd1 Nd7 12. 0-0 Nc5 13. Bc4 Qh4 14. f3 f5 15. b4 Nd7 16. Bd3 Nf6 17. Qe1 Qxe1 18. Raxe1 a6 19. a4 fxe4 20. fxe4 Nh5 21. Bxd4 exd4 22. Ne2 Bh6 23. Rxf8+ Rxf8 24. Nxd4 Bd2 25. Re2 Bxb4 26. Ne6 Rf6 27. Kh2 Bc3 28. g4 Nf4 29. Nxf4 Rxf4 30. Rg2 Be5 31. Kg1 Bd4+ 32. Kh2 Be5 33. Kg1 Rf3 34. h4 Bd4+ 35. Kh2 Be5+ 36. Kg1 Rh3 37. h5 Kg7 38. hxg6 hxg6 39. Kf1 Bd4 40. Ke2 Rh1 41. Bc4 Kf6 42. Kd2 Ke5 43. c3 Bb6 44. Bd3 Kf4 45. e5 dxe5 46. Bxg6 e4 47. Bxe4 Kxe4 48. g5 Ra1 49. Rg4+ Kf3 50. g6 Be3+ 51. Kd3 Bh6 52. g7 Bxg7 53. Rxg7 c6 54. Rf7+ Kg4 55. dxc6 bxc6 56. Rf6 Rxa4 57. Rxc6 Kf5 58. Rd6 Ke5 59. Rd8 Ra1 60. Kc4 a5 61. Kb3 Ke6 62. Rd4 Rb1+ 63. Ka4 Ra1+ 64. Kb5 Ke7 65. c4 a4 66. Kb4 a3 67. Kb3 Ke6 68. Rd2 Ke7 69. Rc2 Kd7 70. c5 Kc6 71. Rc3 Rb1+ 72. Kxa3 Rb5 1/2-1/2

[Event "Montigny le Bretonneux Noel op 09th"]
[Site "Montigny le Bretonneux"]
[Date "2006.12.27"]
[Round "7"]
[White "Hedjazian, Navid"]
[Black "Galazka, Pierre"]
[Result "1/2-1/2"]
[WhiteElo "2021"]
[BlackElo "1941"]
[PlyCount "70"]
[EventDate "2006.12.27"]
[EventType "swiss"]
[EventRounds "7"]
[EventCountry "FRA"]
[SourceTitle "CBM 116 Extra"]
[Source "ChessBase"]
[SourceDate "2007.03.07"]
[SourceVersion "1"]
[SourceVersionDate "2007.03.07"]
[SourceQuality "1"]

1. e4 e5 2. Nf3 Nc6 3. Bc4 Bc5 4. d3 Nf6 5. c3 Qe7 6. 0-0 d6 7. Nbd2 0-0 8. Re1 Ng4 9. Re2 Be6 10. Bb3 Bxb3 11. Qxb3 Rab8 12. Nf1 Rfe8 13. h3 Nf6 14. Be3 Bxe3 15. Nxe3 Qe6 16. Nd5 Qd7 17. Nxf6+ gxf6 18. Nh4 Qe6 19. Qd1 Ne7 20. Re3 f5 21. Rg3+ Kh8 22. Qh5 f4 23. Rg5 Rg8 24. Nf3 Rg6 25. Qh4 Qf6 26. d4 Rbg8 27. dxe5 dxe5 28. Rxg6 Qxg6 29. Qg4 Qxe4 30. Qh5 Qg6 31. Qxg6 Nxg6 32. Rd1 f6 33. Rd7 Rg7 34. Rd8+ Rg8 35. Rd7 Rg7 1/2-1/2

[Event "Montigny le Bretonneux Noel op 08th"]
[Site "Montigny le Bretonneux"]
[Date "2005.12.30"]
[Round "6"]
[White "Hedjazian, Navid"]
[Black "Roux, Jean Luc"]
[Result "1-0"]
[WhiteElo "1983"]
[BlackElo "1911"]
[PlyCount "51"]
[EventDate "2005.12.26"]
[EventType "swiss"]
[EventRounds "7"]
[EventCountry "FRA"]
[SourceTitle "CBM 110 Extra"]
[Source "ChessBase"]
[SourceDate "2006.03.10"]
[SourceVersion "2"]
[SourceVersionDate "2006.03.10"]
[SourceQuality "1"]

1. e4 e5 2. Nf3 Nc6 3. Bc4 h6 4. 0-0 Nf6 5. d3 Be7 6. Re1 d6 7. c3 Bg4 8. Nbd2 0-0 9. Nf1 Na5 10. Bb5 a6 11. Ba4 b5 12. Bc2 c5 13. h3 Bh5 14. Ng3 Bg6 15. Nh4 Nc6 16. Bb3 Bh7 17. Nhf5 d5 18. exd5 Nxd5 19. Qf3 e4 20. Qxe4 Nxc3 21. bxc3 Bf6 22. Qxc6 Bxc3 23. Bxh6 Bxa1 24. Rxa1 Rc8 25. Qxc8 Qf6 26. Qxf8+ 1-0

[Event "Montigny le Bretonneux Noel op 08th"]
[Site "Montigny le Bretonneux"]
[Date "2005.12.27"]
[Round "3"]
[White "Couradin, Jean Marie"]
[Black "Hedjazian, Navid"]
[Result "0-1"]
[WhiteElo "1740"]
[BlackElo "1983"]
[PlyCount "82"]
[EventDate "2005.12.26"]
[EventType "swiss"]
[EventRounds "7"]
[EventCountry "FRA"]
[SourceTitle "CBM 110 Extra"]
[Source "ChessBase"]
[SourceDate "2006.03.10"]
[SourceVersion "2"]
[SourceVersionDate "2006.03.10"]
[SourceQuality "1"]

1. e4 d6 2. d4 Nf6 3. Nc3 g6 4. f4 Bg7 5. Nf3 0-0 6. Be3 b6 7. Bd3 Bg4 8. 0-0 c5 9. e5 dxe5 10. dxe5 Nd5 11. Nxd5 Qxd5 12. c4 Qb7 13. Qe2 Nc6 14. Be4 Rac8 15. Rad1 Qc7 16. b3 Rfd8 17. Rd2 Nb4 18. Rb1 Rxd2 19. Bxd2 Rd8 20. Bc3 Bh6 21. a3 Nc6 22. Rd1 Rxd1+ 23. Qxd1 Nd8 24. Qd2 Ne6 25. g3 Ng7 26. Qd5 Nf5 27. Qa8+ Bf8 28. Ng5 Qd7 29. Bc2 Nd4 30. Bxd4 Qxd4+ 31. Kf1 Qa1+ 32. Kf2 Qb2 33. Qe4 Bf5 34. Qd5 Qxc2+ 35. Kg1 Qc1+ 36. Kf2 Qb2+ 37. Kg1 Qd4+ 38. Kg2 Qxd5+ 39. cxd5 h6 40. Nf3 Be4 41. g4 Bxd5 0-1

[Event "Montigny le Bretonneux-A 4th"]
[Site "Montigny le Bretonneux"]
[Date "2005.10.25"]
[Round "3"]
[White "Forissier, Nicolas"]
[Black "Hedjazian, Navid"]
[Result "0-1"]
[WhiteElo "1997"]
[BlackElo "1983"]
[PlyCount "84"]
[EventDate "2005.10.22"]
[EventType "tourn"]
[EventRounds "9"]
[EventCountry "FRA"]
[SourceTitle "EXT 2008"]
[Source "ChessBase"]
[SourceDate "2007.11.25"]
[SourceVersion "1"]
[SourceVersionDate "2007.11.25"]
[SourceQuality "1"]

1. b3 Nf6 2. Bb2 g6 3. Nf3 Bg7 4. g3 d6 5. Bg2 c5 6. d4 Ne4 7. 0-0 Nc6 8. Nbd2 Nxd2 9. Qxd2 Bg4 10. c3 Qa5 11. Qf4 h5 12. Ng5 0-0 13. Nf3 Rac8 14. a3 Qb6 15. dxc5 dxc5 16. b4 cxb4 17. axb4 Qb5 18. Rfe1 a5 19. Rab1 a4 20. c4 Qf5 21. Qxf5 Bxf5 22. e4 Be6 23. Bxg7 Kxg7 24. Ra1 Nxb4 25. Rxa4 Nd3 26. Rb1 Bxc4 27. Rxb7 Nc5 28. Rxc4 Nxb7 29. Rb4 Nd6 30. Ng5 Rc1+ 31. Bf1 Ra8 32. Kg2 Raa1 33. e5 Nf5 34. Bc4 e6 35. h4 Rab1 36. Ra4 Rb2 37. Bd3 Ne3+ 38. Kf3 Ng4 39. Ne4 Nxe5+ 40. Ke3 Rb3 41. Rd4 Rd1 42. Nc5 Rc3 0-1

[Event "Montigny le Bretonneux-A 4th"]
[Site "Montigny le Bretonneux"]
[Date "2005.10.25"]
[Round "4"]
[White "Hedjazian, Navid"]
[Black "Plantet, Marc"]
[Result "1-0"]
[WhiteElo "1983"]
[BlackElo "2057"]
[PlyCount "55"]
[EventDate "2005.10.22"]
[EventType "tourn"]
[EventRounds "9"]
[EventCountry "FRA"]
[SourceTitle "EXT 2008"]
[Source "ChessBase"]
[SourceDate "2007.11.25"]
[SourceVersion "1"]
[SourceVersionDate "2007.11.25"]
[SourceQuality "1"]

1. e4 c5 2. c3 d6 3. d4 Nf6 4. dxc5 Nc6 5. Bc4 e6 6. Qe2 d5 7. exd5 Nxd5 8. Nf3 Bxc5 9. 0-0 0-0 10. Rd1 Qe7 11. Nbd2 Nf4 12. Qe4 Ng6 13. Nb3 Bd6 14. Nbd4 Bd7 15. Bg5 Qe8 16. Nb5 Bb8 17. Be3 Nce5 18. Nxe5 Nxe5 19. Nd6 Bxd6 20. Rxd6 Nxc4 21. Qxc4 Rc8 22. Qg4 f5 23. Qg3 a6 24. Rad1 Bc6 25. Bd4 Qf7 26. Rxe6 f4 27. Qg5 Rcd8 28. Re7 1-0

[Event "Montigny le Bretonneux-A 4th"]
[Site "Montigny le Bretonneux"]
[Date "2005.10.22"]
[Round "1"]
[White "Verat, Laurent"]
[Black "Hedjazian, Navid"]
[Result "1-0"]
[WhiteElo "2343"]
[BlackElo "1983"]
[PlyCount "31"]
[EventDate "2005.10.22"]
[EventType "tourn"]
[EventRounds "9"]
[EventCountry "FRA"]
[SourceTitle "EXT 2008"]
[Source "ChessBase"]
[SourceDate "2007.11.25"]
[SourceVersion "1"]
[SourceVersionDate "2007.11.25"]
[SourceQuality "1"]

1. Nf3 Nf6 2. c4 c5 3. g3 g6 4. Bg2 Bg7 5. 0-0 d5 6. cxd5 Nxd5 7. d4 cxd4 8. Nxd4 0-0 9. Nc3 Nxc3 10. bxc3 e5 11. Nb5 Nc6 12. Ba3 Qxd1 13. Rfxd1 Rd8 14. Bxc6 Rxd1+ 15. Rxd1 bxc6 16. Rd8+ 1-0

[Event "Elancourt op"]
[Site "Elancourt"]
[Date "2005.04.26"]
[Round "5"]
[White "Plantet, Marc"]
[Black "Hedjazian, Navid"]
[Result "1-0"]
[WhiteElo "2036"]
[BlackElo "1954"]
[PlyCount "83"]
[EventDate "2005.04.23"]
[EventType "swiss"]
[EventRounds "9"]
[EventCountry "FRA"]
[SourceTitle "CBM 105 Extra"]
[Source "ChessBase"]
[SourceDate "2005.05.01"]
[SourceVersion "1"]
[SourceVersionDate "2005.05.01"]
[SourceQuality "1"]

1. e4 d6 2. d4 Nf6 3. Nc3 g6 4. Be3 c6 5. Qd2 b5 6. Bd3 Nbd7 7. h3 Bg7 8. 0-0-0 Qa5 9. Kb1 Nb6 10. Nf3 0-0 11. Nd5 Qxd2 12. Nxe7+ Kh8 13. Rxd2 Bd7 14. e5 Ne8 15. exd6 Nxd6 16. Ne5 Bxe5 17. dxe5 Ndc8 18. Nxc8 Nxc8 19. Bxb5 cxb5 20. Rxd7 Nb6 21. Bxb6 axb6 22. Rhd1 Rae8 23. Re1 Re6 24. Rd6 Rfe8 25. Rxe6 Rxe6 26. b3 f6 27. f4 g5 28. f5 Rxe5 29. Rxe5 fxe5 30. g4 Kg7 31. Kc1 Kf6 32. Kd2 e4 33. Ke3 Ke5 34. a3 h6 35. c4 bxc4 36. bxc4 h5 37. a4 h4 38. c5 bxc5 39. a5 c4 40. a6 c3 41. a7 c2 42. Kd2 1-0

[Event "Elancourt op"]
[Site "Elancourt"]
[Date "2005.04.25"]
[Round "4"]
[White "Hedjazian, Navid"]
[Black "Scozzesi, Francois"]
[Result "1-0"]
[WhiteElo "1954"]
[BlackElo "2010"]
[PlyCount "83"]
[EventDate "2005.04.23"]
[EventType "swiss"]
[EventRounds "9"]
[EventCountry "FRA"]
[SourceTitle "CBM 105 Extra"]
[Source "ChessBase"]
[SourceDate "2005.05.01"]
[SourceVersion "1"]
[SourceVersionDate "2005.05.01"]
[SourceQuality "1"]

1. e4 e6 2. d4 d5 3. Nd2 Nf6 4. e5 Nfd7 5. Bd3 c5 6. c3 cxd4 7. cxd4 Nc6 8. Ne2 f6 9. exf6 Nxf6 10. Nf3 Bd6 11. 0-0 0-0 12. Bf4 Bxf4 13. Nxf4 Ne4 14. Ne2 Rxf3 15. gxf3 Ng5 16. f4 Nh3+ 17. Kh1 Qh4 18. Ng3 Nxf4 19. Re1 e5 20. dxe5 Bg4 21. f3 Nxd3 22. Qxd3 Nb4 23. Qb3 Rf8 24. Re3 Be6 25. a3 Nc6 26. Ne2 Na5 27. Qc3 Nc4 28. Rd3 Rf5 29. Qd4 Qh6 30. f4 Rh5 31. Qf2 Bf5 32. Rg3 Be4+ 33. Kg1 b6 34. Rc1 Nxb2 35. Rc8+ Kf7 36. Rc7+ Kf8 37. Rgxg7 Nd3 38. Qg3 Bg6 39. Nd4 Nxf4 40. Qxf4+ Bf5 41. Qxh6 Rxh6 42. Nxf5 1-0

[Event "Montigny le Bretonneux Noel op 07th"]
[Site "Montigny le Bretonneux"]
[Date "2004.12.31"]
[Round "7"]
[White "Hedjazian, Navid"]
[Black "Fayolle, Guy"]
[Result "1-0"]
[WhiteElo "1916"]
[BlackElo "1970"]
[PlyCount "58"]
[EventDate "2004.12.??"]
[EventType "swiss"]
[EventRounds "7"]
[EventCountry "FRA"]
[SourceTitle "EXT 2006"]
[Source "ChessBase"]
[SourceDate "2005.11.24"]
[SourceVersion "1"]
[SourceVersionDate "2005.11.24"]
[SourceQuality "1"]

1. e4 d5 2. exd5 Qxd5 3. Nc3 Qa5 4. d4 Nf6 5. Nf3 Bf5 6. Bc4 Ne4 7. Bd2 Nxd2 8. Qxd2 Nd7 9. 0-0-0 e6 10. d5 0-0-0 11. dxe6 fxe6 12. Ng5 Bg4 13. Bxe6 Be7 14. Bxg4 Qxg5 15. Qxg5 Bxg5+ 16. Kb1 c6 17. Ne4 Be7 18. Nd6+ Bxd6 19. Rxd6 Kc7 20. Re6 Rhe8 21. Rhe1 Nf6 22. Re7+ Kd6 23. R1e6+ Kc5 24. b4+ Kb6 25. Rxg7 Rxe6 26. Bxe6 Rd1+ 27. Kb2 Rd2 28. Bc8 Kb5 29. Kb3 Rxf2 1-0

[Event "Montigny le Bretonneux Noel op 07th"]
[Site "Montigny le Bretonneux"]
[Date "2004.12.30"]
[Round "6"]
[White "Hedjazian, Kayhan"]
[Black "Hedjazian, Navid"]
[Result "1/2-1/2"]
[WhiteElo "2124"]
[BlackElo "1916"]
[PlyCount "78"]
[EventDate "2004.12.??"]
[EventType "swiss"]
[EventRounds "7"]
[EventCountry "FRA"]
[SourceTitle "EXT 2006"]
[Source "ChessBase"]
[SourceDate "2005.11.24"]
[SourceVersion "1"]
[SourceVersionDate "2005.11.24"]
[SourceQuality "1"]

1. e4 Nf6 2. e5 Nd5 3. c4 Nb6 4. d4 d6 5. exd6 cxd6 6. Nc3 g6 7. Be3 Bg7 8. Rc1 Be6 9. b3 0-0 10. Be2 d5 11. c5 N6d7 12. b4 b6 13. Nf3 bxc5 14. bxc5 Qa5 15. Bd2 Qd8 16. 0-0 Nc6 17. Bf4 Qa5 18. Nb5 a6 19. Bc7 Qxa2 20. Ra1 Qxa1 21. Qxa1 axb5 22. Qd1 Rfc8 23. Bf4 b4 24. Bb5 Bg4 25. Bxc6 Rxc6 26. h3 Bxf3 27. Qxf3 e6 28. Rd1 Nb8 29. Qd3 Rc8 30. Qb5 Nc6 31. Bd6 Bxd4 32. Qb7 Bc3 33. Rd3 Na5 34. Qe7 Re8 35. Qc7 Rec8 36. Qe7 Nc6 37. Qb7 Na5 38. Qe7 Nc6 39. Qb7 Na5 1/2-1/2

[Event "Montigny le Bretonneux op"]
[Site "Montigny le Bretonneux"]
[Date "2004.05.23"]
[Round "9"]
[White "Hedjazian, Navid"]
[Black "Jakubowski, Richard"]
[Result "1-0"]
[WhiteElo "1869"]
[BlackElo "1830"]
[PlyCount "99"]
[EventDate "2004.05.20"]
[EventType "swiss"]
[EventRounds "9"]
[EventCountry "FRA"]
[SourceTitle "EXT 2007"]
[Source "ChessBase"]
[SourceDate "2006.11.23"]
[SourceVersion "1"]
[SourceVersionDate "2006.11.23"]
[SourceQuality "1"]

1. e4 e5 2. Nf3 Nc6 3. Bc4 Be7 4. 0-0 Nf6 5. d3 0-0 6. Re1 d6 7. c3 Na5 8. Bb5 a6 9. Ba4 b5 10. Bc2 c5 11. Nbd2 Nc6 12. Nf1 Bg4 13. Ng3 Qd7 14. h3 Be6 15. Bg5 h6 16. Bc1 a5 17. d4 exd4 18. cxd4 cxd4 19. Nxd4 Nb4 20. Bb1 Rac8 21. Ngf5 Bxf5 22. Nxf5 Rfd8 23. a3 Nc6 24. Qf3 Ne5 25. Qg3 Nh5 26. Nxh6+ Kh7 27. Qe3 Rxc1 28. Rxc1 gxh6 29. f4 Nxf4 30. Qxf4 Bg5 31. Qf1 Bxc1 32. Qxc1 Rg8 33. Qe3 Qe6 34. Ba2 Qg6 35. Qe2 Qg3 36. Kh1 Nd3 37. Rf1 Nf4 38. Qf3 Qxg2+ 39. Qxg2 Nxg2 40. Rxf7+ Kh8 41. Rf2 Ne3 42. Bxg8 Kxg8 43. Rf6 Kg7 44. Rxd6 Nc4 45. Rd5 b4 46. b3 Nxa3 47. Rxa5 Nc2 48. Rb5 Kf6 49. Kg2 Ke6 50. Kf2 1-0

[Event "Montigny le Bretonneux op"]
[Site "Montigny le Bretonneux"]
[Date "2004.05.22"]
[Round "5"]
[White "Delpech, Olivier"]
[Black "Hedjazian, Navid"]
[Result "0-1"]
[WhiteElo "1720"]
[BlackElo "1869"]
[PlyCount "62"]
[EventDate "2004.05.20"]
[EventType "swiss"]
[EventRounds "9"]
[EventCountry "FRA"]
[SourceTitle "EXT 2007"]
[Source "ChessBase"]
[SourceDate "2006.11.23"]
[SourceVersion "1"]
[SourceVersionDate "2006.11.23"]
[SourceQuality "1"]

1. c4 Nf6 2. Nc3 e6 3. g3 c5 4. Bg2 d5 5. cxd5 Nxd5 6. Nf3 Nc6 7. 0-0 Be7 8. a3 0-0 9. e4 Nb6 10. d3 Nd4 11. e5 Bd7 12. Ne1 Bc6 13. Bxc6 Nxc6 14. Nf3 a6 15. Be3 Qc7 16. Bf4 Rfd8 17. Qe2 Nd5 18. Nxd5 Rxd5 19. Rad1 Rad8 20. Rd2 h6 21. h4 b5 22. Rc1 Qb7 23. Qe4 Qd7 24. Rcd1 Na5 25. Be3 Nb3 26. Qg4 Nxd2 27. Bxh6 Nxf3+ 28. Kg2 Bf8 29. Kxf3 Rxd3+ 30. Rxd3 Qxd3+ 31. Kg2 Qf5 0-1

[Event "Montigny le Bretonneux op"]
[Site "Montigny le Bretonneux"]
[Date "2004.05.20"]
[Round "2"]
[White "Hedjazian, Navid"]
[Black "Benhamouda, Matthieu"]
[Result "1-0"]
[WhiteElo "1869"]
[BlackElo "1440"]
[PlyCount "85"]
[EventDate "2004.05.20"]
[EventType "swiss"]
[EventRounds "9"]
[EventCountry "FRA"]
[SourceTitle "EXT 2007"]
[Source "ChessBase"]
[SourceDate "2006.11.23"]
[SourceVersion "1"]
[SourceVersionDate "2006.11.23"]
[SourceQuality "1"]

1. e4 e5 2. Nf3 Nc6 3. Bc4 h6 4. 0-0 Bc5 5. d3 Nf6 6. Re1 d6 7. c3 0-0 8. Nbd2 Bg4 9. Bb3 Bh5 10. h3 Na5 11. Bc2 Nc6 12. Nf1 d5 13. exd5 Qxd5 14. Bb3 Bxf3 15. Qxf3 Qxf3 16. gxf3 Nh5 17. Be3 Bxe3 18. fxe3 Rad8 19. Rad1 Rd6 20. Kf2 Rfd8 21. d4 Kf8 22. Nd2 exd4 23. cxd4 Na5 24. Bc2 f6 25. Bg6 Rd5 26. Ne4 f5 27. Nc3 Nf6 28. Nxd5 Rxd5 29. e4 fxe4 30. fxe4 Rg5 31. Bf5 Ke7 32. h4 Rh5 33. Kg3 g5 34. Rh1 gxh4+ 35. Rxh4 Rxh4 36. Kxh4 Ng8 37. Rg1 Nf6 38. Rg7+ Kf8 39. Rxc7 a6 40. Bg6 h5 41. Kg5 Nxe4+ 42. Bxe4 Nc6 43. Kf6 1-0

[Event "Montigny le Bretonneux Noel op 06th"]
[Site "Montigny le Bretonneux"]
[Date "2003.12.29"]
[Round "5"]
[White "Hedjazian, Navid"]
[Black "Baron, Romuald"]
[Result "1-0"]
[WhiteElo "1845"]
[BlackElo "1950"]
[PlyCount "89"]
[EventDate "2003.12.26"]
[EventType "swiss"]
[EventRounds "6"]
[EventCountry "FRA"]
[SourceTitle "CBM 097 Extra"]
[Source "ChessBase"]
[SourceDate "2004.01.13"]
[SourceVersion "1"]
[SourceVersionDate "2004.01.13"]
[SourceQuality "1"]

1. e4 c6 2. d4 d5 3. exd5 cxd5 4. c4 Nf6 5. Nc3 e6 6. Nf3 Be7 7. Bg5 0-0 8. c5 b6 9. b4 a5 10. a3 axb4 11. axb4 Rxa1 12. Qxa1 bxc5 13. bxc5 h6 14. Bh4 Ne4 15. Bxe7 Qxe7 16. Bd3 Ng5 17. Ne5 Nd7 18. Nxd7 Bxd7 19. 0-0 Qf6 20. Rd1 Bc6 21. Bb5 Bxb5 22. Nxb5 Qf4 23. Nd6 Qg4 24. Rd3 Rb8 25. h3 Qh5 26. c6 Ne4 27. c7 Rf8 28. c8Q Rxc8 29. Nxc8 Qe2 30. Qf1 Qc2 31. Nb6 Nd2 32. Rxd2 Qxd2 33. Qa1 Qb4 34. Na4 Kh7 35. Nc5 Qc4 36. Nd7 Kg8 37. Qa8+ Kh7 38. Nf8+ Kg8 39. Nxe6+ Kh7 40. Nf8+ Kg8 41. Nd7+ Kh7 42. Qa1 Qc7 43. Ne5 f6 44. Nf3 Qf4 45. Qd1 1-0

[Event "Montigny le Bretonneux Noel op 06th"]
[Site "Montigny le Bretonneux"]
[Date "2003.12.28"]
[Round "3"]
[White "Hedjazian, Navid"]
[Black "Couradin, Jean Marie"]
[Result "1/2-1/2"]
[WhiteElo "1845"]
[BlackElo "1570"]
[PlyCount "88"]
[EventDate "2003.12.26"]
[EventType "swiss"]
[EventRounds "6"]
[EventCountry "FRA"]
[SourceTitle "CBM 097 Extra"]
[Source "ChessBase"]
[SourceDate "2004.01.13"]
[SourceVersion "1"]
[SourceVersionDate "2004.01.13"]
[SourceQuality "1"]

1. e4 c5 2. c3 Nc6 3. d4 cxd4 4. cxd4 e6 5. Nf3 d5 6. exd5 exd5 7. Bb5 Bd6 8. 0-0 Nge7 9. Re1 0-0 10. Nc3 Bg4 11. Be3 Qb6 12. Bxc6 bxc6 13. Rb1 Bf5 14. Na4 Qb5 15. Rc1 Bg4 16. b3 Nf5 17. h3 Nxe3 18. fxe3 Bf5 19. Nc5 Bg3 20. Rf1 Rfe8 21. a4 Qb8 22. Qd2 Be4 23. b4 Qd6 24. Rc3 f5 25. Qc1 Rab8 26. Rb3 a5 27. b5 cxb5 28. axb5 Rec8 29. Qb2 Rb6 30. Qa2 Rcb8 31. Qxa5 f4 32. Nxe4 dxe4 33. Nd2 fxe3 34. Rxe3 Qxd4 35. Qc3 Qxc3 36. Rxc3 Be5 37. Rc4 e3 38. Nf3 e2 39. Re1 Rxb5 40. Rxe2 Rb1+ 41. Kf2 Bf6 42. Rec2 Re8 43. Rc8 Rxc8 44. Rxc8+ Kf7 1/2-1/2

[Event "Montigny le Bretonneux op 7th"]
[Site "Montigny le Bretonneux"]
[Date "2003.05.01"]
[Round "2.3"]
[White "Hedjazian, Navid"]
[Black "Roux, Jean Luc"]
[Result "1/2-1/2"]
[WhiteElo "1780"]
[BlackElo "2050"]
[PlyCount "106"]
[EventDate "2003.05.??"]
[EventType "swiss"]
[EventRounds "9"]
[EventCountry "FRA"]
[SourceTitle "EXT 2004"]
[Source "ChessBase"]
[SourceDate "2003.11.25"]
[SourceVersion "1"]
[SourceVersionDate "2003.11.25"]
[SourceQuality "1"]

1. e4 e6 2. d4 d5 3. Nd2 dxe4 4. Nxe4 Nd7 5. Nf3 Ngf6 6. Nxf6+ Nxf6 7. Bd3 Be7 8. c3 0-0 9. 0-0 b6 10. Bg5 Bb7 11. Re1 Rc8 12. Bc2 c5 13. Qd3 c4 14. Qd1 h6 15. Bh4 Nh7 16. Bxe7 Qxe7 17. Ne5 Qd6 18. Be4 Bxe4 19. Rxe4 Nf6 20. Re3 Nd7 21. Qe2 Nxe5 22. Rxe5 Rfd8 23. Re1 Qc6 24. Qc2 Rd5 25. Rxd5 Qxd5 26. Re5 Qc6 27. Qe2 Rd8 28. h3 Rd5 29. Qe4 Qd7 30. Rxd5 exd5 31. Qe5 f6 32. Qe3 Kf7 33. g4 b5 34. Kg2 a5 35. a3 Qd6 36. f3 b4 37. axb4 axb4 38. Qd2 bxc3 39. bxc3 Qe7 40. Kf2 Qd6 41. Kg2 Qa3 42. Kg3 Qa1 43. Kg2 Qb1 44. Qe3 Qb2+ 45. Kg3 Qc2 46. f4 Qb2 47. Qf3 Ke6 48. Qe3+ Kd6 49. f5 Qc2 50. Qe6+ Kc7 51. Qe3 Qb2 52. Qe1 Qb5 53. Qe7+ Qd7 1/2-1/2

[Event "Montigny le Bretonneux Noel op 05th"]
[Site "Montigny le Bretonneux"]
[Date "2002.12.31"]
[Round "7.10"]
[White "Jany, Olivier"]
[Black "Hedjazian, Navid"]
[Result "0-1"]
[WhiteElo "1800"]
[BlackElo "1620"]
[PlyCount "128"]
[EventDate "2002.12.??"]
[EventType "swiss"]
[EventRounds "7"]
[EventCountry "FRA"]
[SourceTitle "EXT 2004"]
[Source "ChessBase"]
[SourceDate "2003.11.25"]
[SourceVersion "1"]
[SourceVersionDate "2003.11.25"]
[SourceQuality "1"]

1. e4 d6 2. d4 Nf6 3. Nc3 g6 4. Nf3 Bg7 5. Be3 c6 6. Be2 b5 7. a3 0-0 8. 0-0 Nbd7 9. h3 Nb6 10. e5 dxe5 11. Nxe5 Bb7 12. Ng4 Nxg4 13. hxg4 a6 14. Ne4 Nd5 15. Bc1 Bc8 16. c3 Qb6 17. Bf3 e5 18. dxe5 Bxe5 19. Bh6 Bg7 20. Bxg7 Kxg7 21. Qd4+ Qxd4 22. cxd4 Re8 23. Rac1 Bxg4 24. Ng5 Bxf3 25. Nxf3 Re2 26. Rb1 Nf4 27. Rfe1 Rae8 28. Rxe2 Rxe2 29. Kf1 Rc2 30. Ne1 Rc4 31. Rd1 Kf6 32. g3 Ne6 33. d5 cxd5 34. Rxd5 Rd4 35. Rxd4 Nxd4 36. Nd3 h5 37. Nc5 a5 38. a4 bxa4 39. Nxa4 g5 40. Nc5 h4 41. Kg2 Ne6 42. Nb7 a4 43. Nd6 hxg3 44. fxg3 Nc5 45. Kf3 Nd3 46. Nc4 Nxb2 47. Na3 Kf5 48. Nc2 Nc4 49. Nd4+ Ke5 50. Nc2 a3 51. Kg4 f6 52. Nb4 Ke4 53. Kh5 Ne3 54. Kg6 Nd5 55. Na2 g4 56. Kh5 Kf3 57. Kh4 f5 58. Nc1 Nb4 59. Kg5 a2 60. Nb3 Nc2 61. Kxf5 a1Q 62. Nxa1 Nxa1 63. Ke5 Kxg3 64. Ke4 Kf2 0-1